ARRUPE JESUIT UNIVERSITY

CORONAVIRUS -STOP THE SPREAD - CLEAN,DISINFECT,COVER

Man against mass society / (Record no. 127295)

MARC details
000 -LEADER
fixed length control field 01209cam a2200301 a 4500
001 - CONTROL NUMBER
control field 15180633
003 - CONTROL NUMBER IDENTIFIER
control field ARRUPE
005 - DATE AND TIME OF LATEST TRANSACTION
control field 20171213090200.0
008 - FIXED-LENGTH DATA ELEMENTS--GENERAL INFORMATION
fixed length control field 080214r20081978inu 000 0 eng
010 ## - LIBRARY OF CONGRESS CONTROL NUMBER
LC control number 2008005832
020 ## - INTERNATIONAL STANDARD BOOK NUMBER
International Standard Book Number 9781587314902 (pbk. : alk. paper)
020 ## - INTERNATIONAL STANDARD BOOK NUMBER
International Standard Book Number 1587314908 (pbk. : alk. paper)
035 ## - SYSTEM CONTROL NUMBER
System control number (OCoLC)ocn193902632
035 ## - SYSTEM CONTROL NUMBER
System control number (OCoLC)193902632
Canceled/invalid control number (OCoLC)144522743
040 ## - CATALOGING SOURCE
Original cataloging agency DLC
Transcribing agency DLC
Modifying agency BAKER
-- BTCTA
-- YDXCP
-- C#P
-- BWX
-- DLC
041 1# - LANGUAGE CODE
Language code of text/sound track or separate title eng
Language code of original and/or intermediate translations of text fre
050 00 - LIBRARY OF CONGRESS CALL NUMBER
Classification number B2430.M253
Item number H5813 2008
082 00 - DEWEY DECIMAL CLASSIFICATION NUMBER
Classification number 128
Edition number 22
300 ## - PHYSICAL DESCRIPTION
Dimensions 23 cm.
100 1# - MAIN ENTRY--PERSONAL NAME
Personal name Marcel, Gabriel,
Dates associated with a name 1889-1973.
9 (RLIN) 4472
240 10 - UNIFORM TITLE
Uniform title <a href="Hommes contre l'humain.">Hommes contre l'humain.</a>
Language of a work English
245 10 - TITLE STATEMENT
Title Man against mass society /
Statement of responsibility, etc Gabriel Marcel ; translated by G.S. Fraser ; foreword by Donald MacKinnon.
260 ## - PUBLICATION, DISTRIBUTION, ETC. (IMPRINT)
Place of publication, distribution, etc South Bend, Ind. :
Name of publisher, distributor, etc St. Augustine's Press,
Date of publication, distribution, etc 2008.
300 ## - PHYSICAL DESCRIPTION
Extent 205 p. ;
500 ## - GENERAL NOTE
General note Reprint. Originally published: South Bend, Ind. : Gateway Editions, 1978.
650 #0 - SUBJECT ADDED ENTRY--TOPICAL TERM
Topical term or geographic name as entry element Human beings.
9 (RLIN) 38197
650 #0 - SUBJECT ADDED ENTRY--TOPICAL TERM
Topical term or geographic name as entry element Mass society.
9 (RLIN) 38196
906 ## - LOCAL DATA ELEMENT F, LDF (RLIN)
a 7
b cbc
c orignew
d 1
e ecip
f 20
g y-gencatlg
942 ## - ADDED ENTRY ELEMENTS (KOHA)
Source of classification or shelving scheme Library of Congress Classification
Koha item type Monograph ( Printed materials)
Holdings
Withdrawn status Lost status Source of classification or shelving scheme Damaged status Not for loan Collection code Home library Current library Shelving location Date acquired Total Checkouts Full call number Barcode Date last seen Date checked out Price effective from Koha item type
    Library of Congress Classification     Main Collection ARRUPE LIBRARY ARRUPE LIBRARY Main Collection 13/12/2017 7 B2430.M253 H5813 2008 46600000347 29/03/2019 18/03/2019 13/12/2017 Monograph ( Printed materials)

 

Arrupe Library. PO Box MP320 Mt Pleasant, Harare, Zimbabwe
263 242 745411|librarian@aju.ac.zw